| 000 | 00574nam a2200253Ia 4500 | ||
|---|---|---|---|
| 008 | 160803s9999 xx 000 0 und d | ||
| 020 | _a0 43986559X | ||
| 100 | _aPaulsen, Gary | ||
| 245 | _aBrian's hunt / | ||
| 245 | _cGary Paulsen. | ||
| 260 | _aNew York : | ||
| 260 | _bScholastic Inc. | ||
| 260 | _c2003 | ||
| 300 | _a103 pages : | ||
| 300 | _c22 cm | ||
| 650 | _aBears -- | ||
| 650 | _aDogs -- | ||
| 650 | _aDogs -- | ||
| 650 | _aHunting stories. | ||
| 650 | _xFiction. | ||
| 650 | _xFiction. | ||
| 650 | _xJuvenile fiction. | ||
| 700 | _a1180 | ||
| 999 |
_c298293 _d298293 |
||